00370nam a22001337a 450000500170000002000220001703500230003903700130006210000190007524500590009426000420015330000240019570000170021920180808152707.0 a817829219Xc00.00 aB-119549, B-119553 aDPLbENG aAdams, Bert N. aSociological theory /cby Bert N. Adams and R.A. Sydie aNew DelhibVistaar Publicationsc2001 axxx, 612p.c24 cms. aSydie, R.A.